UBT Library

Tekste të vjetra (Record no. 60949)

000 -LEADER
fixed length control field 00269nam a22001217a 4500
008 - FIXED-LENGTH DATA ELEMENTS--GENERAL INFORMATION
fixed length control field 260327b ||||| |||| 00| 0 eng d
041 ## - LANGUAGE CODE
Language code of text/sound track or separate title eng
080 ## - UNIVERSAL DECIMAL CLASSIFICATION NUMBER
Universal Decimal Classification number 821.18
100 ## - Rafti
Rafti 25
101 ## - Shkurtesa
Shkurtesa Tregime
245 ## - TITLE STATEMENT
Title Tekste të vjetra
Statement of responsibility, etc Rexhep Ismajli
942 ## - ADDED ENTRY ELEMENTS (KOHA)
Source of classification or shelving scheme
Item type Books
Holdings
Withdrawn status Lost status Source of classification or shelving scheme Damaged status Not for loan Collection code Permanent location Current location Date acquired Total Checkouts Barcode Date last seen Price effective from Koha item type
          Koleksioni i përgjithshem UBT - Lipjan UBT - Lipjan 03/27/2026   003-800070999508 03/27/2026 03/27/2026 Books
          Koleksioni i përgjithshem UBT - Lipjan UBT - Lipjan 03/27/2026   003-800070999509 03/27/2026 03/27/2026 Books
          Koleksioni i përgjithshem UBT - Lipjan UBT - Lipjan 03/27/2026   003-800070999510 03/27/2026 03/27/2026 Books
UBT Library © 2015-2024. All rights reserved University Education for Business and Technology